000 01112nam a2200253 a 4500
001 BRCA_1047
005 20190320203246.0
008 100408s1990----ck-a######---#000-0#spa-#
020 _a9583355178
041 _aspa
044 _ack
050 4 _aND1293
_b.B67 1990
100 1 _aBorja Gómez, Jaime Humberto
_93454
245 1 0 _aEl cuerpo y la mística
_cJaime Humberto Borja Gómez.
260 _aBogotá
_bMinisterio de Cultura : Alcaldía Mayor de Bogotá
_c[1990?]
300 _a46 p.
_bil. a color
_c29 cm.
500 _aCatálogo de la exposición El cuerpo y la mística realizada en el Museo de Arte Colonial (Bogotá) y de la exposición Las visiones de Jerónima ... realizada en el Museo Iglesia Santa Clara (Bogotá)
501 _aCon : Las visiones de Jerónima : encarnados de amor místico / María Costanza Toquica Clavijo
650 1 4 _aFigura humana
_xEn la pintura
_93455
650 1 4 _aPintura barroca
_ySiglo XVII
_zNueva Granada (Colombia)
_93456
700 1 _aToquica Clavijo, María Costanza
_93457
740 0 _aLas visiones de Jerónima : encarnados de amor místico
942 _2lcc
_cB
999 _c926
_d926